000 00448nam a2200193Ia 4500
008 170918s9999 xx 000 0 und d
020 _a9780439848312
050 _bM647 1999
100 _aMiller, David
245 _aJust like you and me /
245 _cDavid Miller.
260 _aNew York :
260 _bScholastic,
260 _c1999
300 _aunpaged :
300 _bcolored illustration ;
300 _c28cm.
500 _a190
999 _c341031
_d341031